Statystyki dla 10 państw Afryki z największą liczbą turystów

Kliknij tutaj aby rozwiązać quiz!

Ogólne statystyki

  • Ten quiz został rozwiązany 139 razy
  • Średni wynik to 7 z 10

Statystyki odpowiedzi

#Państwo% Poprawnych
8.16 mlnEgipt
99%
10.3 mlnRepublika
Południowej Afryki
94%
11.3 mlnMaroko
90%
7.05 mlnTunezja
88%
2.45 mlnAlgieria
82%
1.89 mlnNigeria
70%
1.64 mlnWybrzeże
Kości Słoniowej
44%
1.47 mlnMozambik
36%
1.93 mlnBotswana
29%
2.42 mlnZimbabwe
29%

Rozkład punktacji

Percentyl według liczby udzielonych odpowiedzi

Procent ludzi z każdym wynikiem

Twoja historia wyników

Nie rozwiązałeś tego quizu